It's a Multiple-Choice Festivus Fiesta! Quiz Stats

 Plays Quiz Updated Dec 23, 2017

Also try: Festivus Facts
Challenge
Share
Tweet
Embed
Score 0/8 Timer 03:00
0 Plays Today
Question Answer Wrong Answers
Finish Kramer's exclamation: “It's a Festivus ____!” miracle
92.8%
menorah
1.3%
mystery
2%
mulligatawny
1.2%
Who did George grudgingly invite to Festivus dinner? His boss, Mr. Kruger
63.3%
Lloyd Braun
10.1%
Susan's parents, the Rosses
14.2%
His former boss, Mr. Wilhelm
9.2%
What was Frank's grievance against tinsel? He found it distracting.
62%
He thought it was too expensive.
5.6%
He thought it was messy.
15.1%
He felt it made too much noise.
14.3%
What is the actual title of the episode in which Festivus is featured? The Strike
58.3%
The Shvitz
21.7%
The Sub Sandwich
11.4%
The Sartorial Strikeout
5.7%
What was Frank buying when he decided to create Festivus? A doll
53.7%
A Mickey Mouse gumball machine
12.7%
An Easy-Bake oven
21.4%
Trivial Pursuit
8.9%
Who did Elaine unexpectedly encounter at Festivus dinner? The leering OTB employees
46.5%
Keith Hernandez
12.2%
Puddy
22.7%
The pickup artist known as Denim Vest
15.6%
George claimed that the Costanzas' belief in Festivus caused them to be driven out of this Queens neighborhood: Bayside
41.1%
Flushing
39.1%
Fresh Meadows
9.3%
Whitestone
7.2%
Who was the real-life 'Father of Festivus'? Daniel O'Keefe, the father of writer Dan O'Keefe
31.5%
Kalman Seinfeld, the father of Jerry Seinfeld
7.1%
Morty David, the father of Larry David
48.1%
Alexander Greenspan, the father of Jason Alexander
10.4%

You're not logged in!

Compare scores with friends on all Sporcle quizzes.
Join for Free
OR
Log In

You Might Also Like...

Show Comments

Extras

Top Quizzes Today


Score Distribution

Your Account Isn't Verified!

In order to create a playlist on Sporcle, you need to verify the email address you used during registration. Go to your Sporcle Settings to finish the process.

Report this User

Report this user for behavior that violates our Community Guidelines.

Details: